[Event "Montcalm 7 2024-25"]
[Site "Quebec CAN"]
[Date "2025.05.15"]
[Round "3"]
[White "Simard, Rejean"]
[Black "Pouliot, Lewis"]
[Result "0-1"]
[WhiteElo "998"]
[BlackElo "1388"]
[WhiteFideId "-1"]
[WhiteFideId "-1"]
[PlyCount "94"]
[GameId "2178586517545095"]
[EventDate "2025.05.01"]
[EventType "swiss"]
[EventRounds "5"]
[EventCountry "CAN"]

1. d4 d5 2. Bf4 c5 3. c3 Nc6 4. e3 cxd4 5. cxd4 Bf5 6. a3 Nf6 7. Nc3 a6 8. h3 e6 9. Nf3 Be7 10. Be2 Ne4 11. Nxe4 Bxe4 12. O-O O-O 13. Bd3 Bxd3 14. Qxd3 h6 15. Rac1 Bd6 16. Bh2 Bxh2+ 17. Nxh2 Rc8 18. Nf3 Qd6 19. Rc3 Na7 20. Rfc1 Rxc3 21. Rxc3 Rc8 22. Nd2 Rxc3 23. Qxc3 Nc6 24. Nf3 Qd7 25. g3 f6 26. h4 Qd6 27. Kf1 Qd8 28. Ke2 Qb6 29. Kf1 Qd8 30. Kg2 Qd6 31. Kf1 Qd8 32. Kg2 Qe7 33. Qc5 Kf7 34. Qxe7+ Kxe7 35. Nd2 Na5 36. b3 Kd6 37. Kf3 e5 38. dxe5+ fxe5 39. Ke2 Nc6 40. f4 e4 41. b4 b6 42. Nb3 Ke6 43. Nd4+ Nxd4+ 44. exd4 Kf5 45. Kf2 Kg4 46. a4 g6 47. Kg2 e3 0-1

[Event "Montcalm 7 2024-25"]
[Site "Quebec CAN"]
[Date "2025.05.15"]
[Round "3"]
[White "Tremblay, Noah"]
[Black "Poliquin, Yvon"]
[Result "1/2-1/2"]
[WhiteElo "1683"]
[BlackElo "1856"]
[WhiteFideId "-1"]
[WhiteFideId "-1"]
[PlyCount "96"]
[GameId "2178586517545088"]
[EventDate "2025.05.01"]
[EventType "swiss"]
[EventRounds "5"]
[EventCountry "CAN"]

1. e4 e5 2. Nf3 Nf6 3. Nxe5 Nxe4 4. Qe2 Qe7 5. Qxe4 d6 6. Qe3 dxe5 7. Nc3 c6 8. Bc4 Bf5 9. d3 Nd7 10. O-O g6 11. Re1 Bg7 12. d4 O-O 13. dxe5 Qxe5 14. Qxe5 Nxe5 15. Bb3 Rfe8 16. Bf4 Nd7 17. Bd6 Bf8 18. Bxf8 Kxf8 19. f3 Nc5 20. g4 Nxb3 21. cxb3 Rxe1+ 22. Rxe1 Be6 23. Ne4 Bd5 24. Nd6 b6 25. Kf2 Rd8 26. Nc4 f6 27. h4 Bf7 28. Re2 Rd4 29. Rc2 c5 30. Na3 Be8 31. Nc4 Bf7 32. Na3 f5 33. Nb5 Rd7 34. Ke3 Ke7 35. g5 a6 36. Nc3 Rd4 37. f4 Kd6 38. Ne2 Re4+ 39. Kf3 Kc6 40. Nc3 Bd5 41. Nxd5 Kxd5 42. Rh2 b5 43. h5 Kc6 44. hxg6 hxg6 45. Rh8 Re6 46. Ra8 Kb7 47. Rf8 Kc7 48. Ra8 Kb7 1/2-1/2

[Event "Montcalm 7 2024-25"]
[Site "Quebec CAN"]
[Date "2025.05.15"]
[Round "3"]
[White "Vaillant, Charles-Etienne"]
[Black "Lamontagne, Danny"]
[Result "1/2-1/2"]
[WhiteElo "1883"]
[BlackElo "1819"]
[WhiteFideId "-1"]
[WhiteFideId "-1"]
[PlyCount "103"]
[GameId "2178586517545086"]
[EventDate "2025.05.01"]
[EventType "swiss"]
[EventRounds "5"]
[EventCountry "CAN"]

1. c4 Nf6 2. Nf3 g6 3. d4 c5 4. g3 Bg7 5. Bg2 O-O 6. Nc3 cxd4 7. Nxd4 Nc6 8. O-O Nxd4 9. Qxd4 d6 10. Qe3 Re8 11. b3 a6 12. Bb2 Qa5 13. Rfd1 Ng4 14. Qd2 Qh5 15. h3 Nf6 16. Nd5 Nxd5 17. Bxg7 Kxg7 18. g4 Qe5 19. Bxd5 h5 20. f4 Qf6 21. g5 Qf5 22. Bg2 Rb8 23. Rac1 Qc5+ 24. Qd4+ Qxd4+ 25. Rxd4 e5 26. Rxd6 exf4 27. Kf2 Bf5 28. h4 Re7 29. Rcd1 Rbe8 30. R1d2 Bg4 31. Bf3 Bxf3 32. exf3 Re1 33. Rf6 Rh1 34. Kg2 Ree1 35. Rxf4 Rhg1+ 36. Kf2 Rgf1+ 37. Kg3 Rg1+ 38. Rg2 Rxg2+ 39. Kxg2 Re2+ 40. Kg3 Rxa2 41. b4 Rb2 42. c5 Rb3 43. Re4 a5 44. bxa5 Ra3 45. Re7 Rxa5 46. Rc7 Rb5 47. Kf4 b6 48. c6 Rc5 49. Rc8 b5 50. c7 b4 51. Rb8 Rxc7 52. Rxb4 1/2-1/2

[Event "Montcalm 7 2024-25"]
[Site "Quebec CAN"]
[Date "2025.05.22"]
[Round "4"]
[White "Auger, Bertrand"]
[Black "Perreault, Jacquelin"]
[Result "1-0"]
[WhiteElo "1842"]
[BlackElo "1761"]
[WhiteFideId "-1"]
[WhiteFideId "-1"]
[PlyCount "93"]
[GameId "2181048608662126"]
[EventDate "2025.05.01"]
[EventType "swiss"]
[EventRounds "5"]
[EventCountry "CAN"]

1. Nf3 Nf6 2. g3 b5 3. Bg2 Bb7 4. O-O e6 5. a4 b4 6. c4 c5 7. b3 Be7 8. Bb2 O-O 9. d3 d5 10. cxd5 exd5 11. Nbd2 Nbd7 12. Rc1 Rc8 13. Nh4 g6 14. d4 a5 15. Nhf3 Re8 16. Ne5 cxd4 17. Rxc8 Qxc8 18. Bh3 Qc7 19. Nxd7 Nxd7 20. Bxd4 f5 21. Nf3 Bf6 22. e3 Rc8 23. g4 Qc2 24. gxf5 Qxd1 25. Rxd1 Bxd4 26. Nxd4 Rc3 27. fxg6 Nc5 28. gxh7+ Kxh7 29. Bf5+ Kh6 30. Bc2 Bc8 31. Kg2 Bd7 32. Kf3 Kh5 33. Kf4 Ne6+ 34. Nxe6 Bxe6 35. Rd2 d4 36. Bd1+ Kh6 37. exd4 Bxb3 38. d5 Rc4+ 39. Ke5 Bxd1 40. Rxd1 b3 41. d6 b2 42. Rb1 Rc2 43. d7 Rd2 44. Ke6 Re2+ 45. Kd6 Rd2+ 46. Kc7 Rc2+ 47. Kb6 1-0

[Event "Montcalm 7 2024-25"]
[Site "Quebec CAN"]
[Date "2025.05.22"]
[Round "4"]
[White "Burigusa, Guillaume"]
[Black "Simard, Rejean"]
[Result "1-0"]
[WhiteElo "1189"]
[BlackElo "998"]
[WhiteFideId "-1"]
[WhiteFideId "-1"]
[PlyCount "61"]
[GameId "2181048608662131"]
[EventDate "2025.05.01"]
[EventType "swiss"]
[EventRounds "5"]
[EventCountry "CAN"]

1. e4 d6 2. Nc3 e5 3. Nf3 Nf6 4. d4 Bg4 5. dxe5 Bxf3 6. gxf3 dxe5 7. Qxd8+ Kxd8 8. Bg5 Be7 9. Nd5 Nbd7 10. Bh3 Nxd5 11. Bxe7+ Nxe7 12. O-O-O Ke8 13. Rxd7 Nc6 14. Rxc7 Rb8 15. c3 a5 16. Rd1 Rd8 17. Bd7+ Ke7 18. Bxc6+ Kf6 19. Rxb7 g6 20. Bd5 Rdf8 21. h4 h6 22. Bc4 Rh7 23. Rd6+ Kg7 24. Rdd7 Kg8 25. Re7 g5 26. Rxe5 gxh4 27. Rh5 Kh8 28. Rxh4 f5 29. Rxh7+ Kxh7 30. Rf4 Kg6 31. Bd3 1-0

[Event "Montcalm 7 2024-25"]
[Site "Quebec CAN"]
[Date "2025.05.22"]
[Round "4"]
[White "Hasbun, Merick"]
[Black "Gagne, Louis"]
[Result "1-0"]
[WhiteElo "1606"]
[BlackElo "1222"]
[WhiteFideId "-1"]
[WhiteFideId "-1"]
[PlyCount "47"]
[GameId "2181048608662130"]
[EventDate "2025.05.01"]
[EventType "swiss"]
[EventRounds "5"]
[EventCountry "CAN"]

1. e4 e6 2. b3 d5 3. Bb2 c5 4. Qe2 Ne7 5. exd5 Nxd5 6. Nc3 Nf6 7. O-O-O Be7 8. g4 Bd7 9. f4 a6 10. g5 Nd5 11. Nxd5 exd5 12. Bxg7 Rg8 13. Bf6 Be6 14. Re1 Qd7 15. Bxe7 Qxe7 16. f5 Rxg5 17. fxe6 f6 18. Nf3 Rg6 19. Nh4 Rg8 20. Nf5 Qc7 21. e7 Nc6 22. Qe6 Nxe7 23. Nxe7 Rg7 24. Nxd5+ 1-0

[Event "Montcalm 7 2024-25"]
[Site "Quebec CAN"]
[Date "2025.05.22"]
[Round "4"]
[White "Marquis, Paul"]
[Black "Fahmi, Adam"]
[Result "1/2-1/2"]
[WhiteElo "1830"]
[BlackElo "1747"]
[WhiteFideId "-1"]
[WhiteFideId "-1"]
[PlyCount "80"]
[GameId "2181048608662124"]
[EventDate "2025.05.01"]
[EventType "swiss"]
[EventRounds "5"]
[EventCountry "CAN"]

1. e4 c5 2. Nf3 Nc6 3. d4 cxd4 4. Nxd4 Nf6 5. Nc3 e5 6. Ndb5 d6 7. Bg5 a6 8. Na3 b5 9. Nd5 Be7 10. Bxf6 Bxf6 11. c3 Bg5 12. Bd3 Ne7 13. Nxe7 Qxe7 14. Nc2 O-O 15. Qe2 f5 16. f3 Bb7 17. Nb4 a5 18. Nd5 Bxd5 19. exd5 e4 20. Bxb5 Qa7 21. Rf1 exf3 22. Rxf3 Rf7 23. Qf2 Re7+ 24. Kd1 Be3 25. Qf1 f4 26. Qd3 a4 27. a3 Qc5 28. Kc2 Re5 29. Rd1 Kh8 30. g3 fxg3 31. hxg3 Bh6 32. Rdf1 g6 33. c4 Bg7 34. Rf7 Rb8 35. Kb1 Re3 36. Qd2 Rxg3 37. Qf4 Rg1 38. Rxg1 Qxg1+ 39. Qf1 Qd4 40. Qe2 Kg8 1/2-1/2

[Event "Montcalm 7 2024-25"]
[Site "Quebec CAN"]
[Date "2025.05.22"]
[Round "4"]
[White "Michaud, Jacques"]
[Black "Savard, Alexandre"]
[Result "0-1"]
[WhiteElo "1489"]
[BlackElo "1780"]
[WhiteFideId "-1"]
[WhiteFideId "-1"]
[PlyCount "77"]
[GameId "2181048608662129"]
[EventDate "2025.05.01"]
[EventType "swiss"]
[EventRounds "5"]
[EventCountry "CAN"]

1. Nf3 Nf6 2. c4 e6 3. Nc3 d5 4. d4 c5 5. cxd5 Nxd5 6. e4 Nxc3 7. bxc3 cxd4 8. Bb5+ Bd7 9. Bxd7+ Nxd7 10. cxd4 Bb4+ 11. Bd2 Bxd2+ 12. Qxd2 Nf6 13. e5 Ne4 14. Qb4 Qe7 15. Qxe7+ Kxe7 16. O-O Nc3 17. Rfe1 Rac8 18. Kf1 Rhd8 19. Rec1 b5 20. Rc2 b4 21. Rac1 a5 22. a3 Rd7 23. axb4 axb4 24. Rb2 Rb7 25. Ne1 Kd7 26. Nd3 Na4 27. Rbc2 Rxc2 28. Rxc2 b3 29. Rc1 b2 30. Rb1 Kc6 31. Ke1 Kd5 32. Kd2 Kxd4 33. Kc2 Rc7+ 34. Kd2 Rb7 35. f4 Rb3 36. Nxb2 Rxb2+ 37. Rxb2 Nxb2 38. Ke2 Ke4 39. Kf2 0-1

[Event "Montcalm 7 2024-25"]
[Site "Quebec CAN"]
[Date "2025.05.22"]
[Round "4"]
[White "Sarra-Bournet, Marc"]
[Black "Vaillant, Charles-Etienne"]
[Result "0-1"]
[WhiteElo "1752"]
[BlackElo "1883"]
[WhiteFideId "-1"]
[WhiteFideId "-1"]
[PlyCount "91"]
[GameId "2181048608662125"]
[EventDate "2025.05.01"]
[EventType "swiss"]
[EventRounds "5"]
[EventCountry "CAN"]

1. e4 c5 2. Nc3 e6 3. f4 d5 4. Nf3 dxe4 5. Nxe4 Nc6 6. Bb5 Bd7 7. O-O Be7 8. d3 Nh6 9. Ng3 O-O 10. c3 Qb6 11. Ba4 Ng4 12. Ng5 Nf6 13. Bc2 h6 14. N5e4 Rad8 15. Nxf6+ Bxf6 16. Nh5 Be7 17. Qg4 g6 18. d4 Kh7 19. f5 exf5 20. Bxf5 Bxf5 21. Rxf5 Nxd4 22. Re5 Ne6 23. Nf4 Nxf4 24. Rxe7 Qd6 25. Re1 Ne6 26. Be3 Qe7 27. Bf4 Qf6 28. Be5 Qg5 29. Qf3 Qf5 30. Qxf5 gxf5 31. Rad1 Kg6 32. Bg3 c4 33. Bh4 Rxd1 34. Rxd1 Rc8 35. Rd6 Rc7 36. Bg3 Rc5 37. Bf2 Rb5 38. Bxa7 Rxb2 39. Rb6 Rxa2 40. Rxb7 Rc2 41. Bd4 Nxd4 42. cxd4 Rd2 43. Rb6+ Kg5 44. Rb7 c3 45. Rc7 c2 46. Kf1 0-1

[Event "Montcalm 7 2024-25"]
[Site "Quebec CAN"]
[Date "2025.05.22"]
[Round "4"]
[White "Tellez Perez, Vicente"]
[Black "Pepin, Pierre-Luc"]
[Result "1-0"]
[WhiteElo "1289"]
[BlackElo "1157"]
[WhiteFideId "-1"]
[WhiteFideId "-1"]
[PlyCount "67"]
[GameId "2181048608662132"]
[EventDate "2025.05.01"]
[EventType "swiss"]
[EventRounds "5"]
[EventCountry "CAN"]

1. d4 d5 2. Bf4 Nf6 3. Nf3 e6 4. e3 c5 5. c3 Qb6 6. Qc2 a6 7. Be2 Nc6 8. O-O Be7 9. Nbd2 O-O 10. Ne5 Nxe5 11. Bxe5 Bd7 12. Nf3 Rac8 13. Bg3 Ne4 14. Ne5 Be8 15. Bd3 Nf6 16. Qe2 c4 17. Bc2 Nd7 18. Nxd7 Bxd7 19. Qh5 f5 20. Rab1 Be8 21. Qh3 Qa5 22. a3 Ba4 23. Bxa4 Qxa4 24. Bf4 Rc6 25. g4 fxg4 26. Qxg4 Rf6 27. Kh1 Rb6 28. Rg1 Rg6 29. Qh3 Rxg1+ 30. Rxg1 Kh8 31. Qg3 Bf6 32. Be5 Qd7 33. Bxf6 gxf6 34. Qg8# 1-0

[Event "Montcalm 7 2024-25"]
[Site "Quebec CAN"]
[Date "2025.05.22"]
[Round "4"]
[White "Tremblay, Charles"]
[Black "Boissinot, Claude"]
[Result "1-0"]
[WhiteElo "1465"]
[BlackElo "1471"]
[WhiteFideId "-1"]
[WhiteFideId "-1"]
[PlyCount "61"]
[GameId "2181048608662128"]
[EventDate "2025.05.01"]
[EventType "swiss"]
[EventRounds "5"]
[EventCountry "CAN"]

1. d4 Nf6 2. Bf4 e6 3. Nf3 d6 4. e3 b6 5. Nbd2 Bb7 6. Bd3 d5 7. O-O Bd6 8. Ne5 O-O 9. Ndf3 Nbd7 10. c3 Ne4 11. Qc2 f6 12. Nxd7 Qxd7 13. Bxd6 Qxd6 14. Rfd1 Rac8 15. Nd2 f5 16. Nf3 Rf6 17. Ne5 c5 18. Qa4 c4 19. Bxe4 fxe4 20. Qxa7 Qc7 21. Qa4 Rd8 22. Qc2 Rdf8 23. Rf1 Ra8 24. Qe2 Qe7 25. a3 b5 26. Qc2 Qe8 27. Qe2 Kh8 28. Qg4 Rf5 29. f3 Qe7 30. fxe4 Rg5 31. Qxg5 1-0

[Event "Montcalm 7 2024-25"]
[Site "Quebec CAN"]
[Date "2025.05.22"]
[Round "4"]
[White "Tremblay, Noah"]
[Black "Dumont, Eric"]
[Result "1/2-1/2"]
[WhiteElo "1683"]
[BlackElo "1691"]
[WhiteFideId "-1"]
[WhiteFideId "-1"]
[PlyCount "60"]
[GameId "2181048608662127"]
[EventDate "2025.05.01"]
[EventType "swiss"]
[EventRounds "5"]
[EventCountry "CAN"]

1. e4 c6 2. d4 d5 3. f3 g6 4. Nc3 Bg7 5. e5 Qb6 6. f4 Nh6 7. Nf3 Bg4 8. Ne2 e6 9. c3 Nd7 10. Ng3 c5 11. Be2 cxd4 12. cxd4 Rc8 13. O-O O-O 14. Qa4 Nb8 15. Rd1 Bxf3 16. Bxf3 Rc4 17. Qa3 Rfc8 18. Be3 Bf8 19. Qd3 Nc6 20. a3 Na5 21. b4 Nc6 22. Rac1 Ne7 23. Rxc4 Rxc4 24. Rc1 Rxc1+ 25. Bxc1 Nhf5 26. Nxf5 Nxf5 27. Bb2 a5 28. b5 Qc7 29. a4 Bb4 30. g3 Kg7 1/2-1/2

[Event "Montcalm 7 2024-25"]
[Site "Quebec CAN"]
[Date "2025.05.22"]
[Round "4"]
[White "Tremblay, Rejean"]
[Black "Sauve, Richard"]
[Result "1/2-1/2"]
[WhiteElo "2166"]
[BlackElo "1842"]
[WhiteFideId "-1"]
[WhiteFideId "-1"]
[PlyCount "91"]
[GameId "2181048608662123"]
[EventDate "2025.05.01"]
[EventType "swiss"]
[EventRounds "5"]
[EventCountry "CAN"]

1. e4 e6 2. d4 d5 3. Nc3 dxe4 4. Nxe4 Nd7 5. Nf3 Ngf6 6. Bd3 c5 7. Nxf6+ Nxf6 8. dxc5 Bxc5 9. Qe2 h6 10. O-O O-O 11. Bd2 b6 12. Rad1 Qe7 13. a3 a5 14. c4 Bb7 15. Bc3 Rad8 16. Ne5 Kh8 17. Bc2 Kg8 18. Ng4 Nxg4 19. Qxg4 Qg5 20. Qxg5 hxg5 21. b4 axb4 22. axb4 Be7 23. f3 Ba6 24. b5 Bc5+ 25. Kh1 Bb7 26. Rxd8 Rxd8 27. Rd1 Rxd1+ 28. Bxd1 f6 29. Bc2 Kf7 30. h3 g6 31. Be4 Bxe4 32. fxe4 e5 33. g4 Ke6 34. Kg2 f5 35. exf5+ gxf5 36. gxf5+ Kxf5 37. Kf3 e4+ 38. Ke2 Kf4 39. Bf6 g4 40. hxg4 Kxg4 41. Bg7 Kf5 42. Bh6 Ke5 43. Bg7+ Kf4 44. Bh6+ Ke5 45. Bg7+ Kf4 46. Bh6+ 1/2-1/2

[Event "Montcalm 7 2024-25"]
[Site "Quebec CAN"]
[Date "2025.05.29"]
[Round "5"]
[White "Demushkina, Alina"]
[Black "Boissinot, Claude"]
[Result "1-0"]
[WhiteElo "1672"]
[BlackElo "1471"]
[WhiteFideId "-1"]
[WhiteFideId "-1"]
[PlyCount "107"]
[GameId "2183595119831527"]
[EventDate "2025.05.01"]
[EventType "swiss"]
[EventRounds "5"]
[EventCountry "CAN"]

1. e4 c5 2. Nf3 e6 3. d4 cxd4 4. Nxd4 Nf6 5. Bd3 a6 6. O-O d6 7. Nc3 Qc7 8. Be3 b5 9. a4 b4 10. Na2 d5 11. exd5 Nxd5 12. Bd2 Bd6 13. h3 Qb6 14. Nf3 Bb7 15. Ng5 h6 16. Qh5 O-O 17. Ne4 Be7 18. Rab1 f5 19. Ng3 Nf6 20. Qg6 Qc6 21. f3 Qe8 22. Qxe8 Rxe8 23. Bxb4 Bd8 24. Nc3 Nc6 25. Bc5 Bc7 26. Kf2 Rad8 27. Rfe1 Kf7 28. Rbd1 g6 29. Nge2 Ne5 30. Nc1 Nxd3+ 31. Rxd3 Rxd3 32. Nxd3 Nd7 33. Ba3 Bb6+ 34. Kg3 Rc8 35. Re2 Kf6 36. Nd1 g5 37. Bd6 Rc6 38. Ba3 Nc5 39. Nxc5 Bxc5 40. Bxc5 Rxc5 41. b4 Rd5 42. Nb2 Bc6 43. c4 Rd4 44. b5 axb5 45. axb5 Ba8 46. Rc2 Rd8 47. c5 Ke7 48. c6 Rc8 49. Na4 Kd6 50. Nb6 Kc7 51. Nxc8 Kxc8 52. Kf2 Kc7 53. Ke3 Kb6 54. c7 1-0

[Event "Montcalm 7 2024-25"]
[Site "Quebec CAN"]
[Date "2025.05.29"]
[Round "5"]
[White "Dumont, Eric"]
[Black "Marquis, Paul"]
[Result "0-1"]
[WhiteElo "1691"]
[BlackElo "1830"]
[WhiteFideId "-1"]
[WhiteFideId "-1"]
[PlyCount "54"]
[GameId "2183595119831523"]
[EventDate "2025.05.01"]
[EventType "swiss"]
[EventRounds "5"]
[EventCountry "CAN"]

1. d4 Nf6 2. Bf4 g6 3. e3 Bg7 4. h3 d6 5. Nf3 O-O 6. Be2 Nbd7 7. O-O c6 8. c4 Qb6 9. Qb3 Qxb3 10. axb3 c5 11. Nc3 a6 12. Nb5 Ne8 13. Rfd1 b6 14. Nc3 Nc7 15. Bg3 Bb7 16. d5 b5 17. e4 bxc4 18. bxc4 Rfb8 19. Rdb1 Bc8 20. Na4 Rb4 21. Bh4 Kf8 22. Ng5 h6 23. Nf3 Rab8 24. e5 Nxe5 25. Nxe5 Bxe5 26. Bg3 Bxb2 27. Ra2 Bd4 0-1

[Event "Montcalm 7 2024-25"]
[Site "Quebec CAN"]
[Date "2025.05.29"]
[Round "5"]
[White "Fahmi, Adam"]
[Black "Tremblay, Rejean"]
[Result "1-0"]
[WhiteElo "1747"]
[BlackElo "2166"]
[WhiteFideId "-1"]
[WhiteFideId "-1"]
[PlyCount "49"]
[GameId "2183595119831520"]
[EventDate "2025.05.01"]
[EventType "swiss"]
[EventRounds "5"]
[EventCountry "CAN"]

1. d4 Nf6 2. c4 g6 3. Nc3 Bg7 4. e4 d6 5. Nf3 O-O 6. Be2 e5 7. d5 a5 8. Bg5 h6 9. Be3 Ng4 10. Bd2 f5 11. exf5 gxf5 12. h3 Nf6 13. Qc1 Kh7 14. g4 fxg4 15. hxg4 Nxg4 16. Ng5+ Kg8 17. Nge4 Bf5 18. f3 Bxe4 19. Nxe4 Nf6 20. Bxh6 Nxe4 21. Bxg7 Kxg7 22. Qh6+ Kf7 23. Qh7+ Ke8 24. Qg6+ Kd7 25. Qe6# 1-0

[Event "Montcalm 7 2024-25"]
[Site "Quebec CAN"]
[Date "2025.05.29"]
[Round "5"]
[White "Gagne, Louis"]
[Black "Miskic, Zdenko"]
[Result "0-1"]
[WhiteElo "1222"]
[BlackElo "1598"]
[WhiteFideId "-1"]
[WhiteFideId "-1"]
[PlyCount "186"]
[GameId "2183595119831529"]
[EventDate "2025.05.01"]
[EventType "swiss"]
[EventRounds "5"]
[EventCountry "CAN"]

1. e4 c6 2. d4 d5 3. exd5 cxd5 4. c4 dxc4 5. Bxc4 Nf6 6. Nf3 e6 7. O-O Be7 8. Nc3 O-O 9. Re1 h6 10. h3 a6 11. a3 Nc6 12. b4 b5 13. Bb3 Bb7 14. Be3 Rc8 15. Rc1 Nd5 16. Nxd5 exd5 17. Ne5 Nxe5 18. dxe5 Qd7 19. Bd4 Rfd8 20. Qf3 Qe6 21. Bc2 Bg5 22. Qd3 Bxc1 23. Qh7+ Kf8 24. Rxc1 Rc4 25. Bc5+ Ke8 26. Qh8+ Kd7 27. Qxg7 d4 28. Qh7 Qd5 29. Bf5+ Kc7 30. Bd6+ Rxd6 31. exd6+ Kxd6 32. Qxh6+ Kc7 33. Qf4+ Kb6 34. f3 Rxc1+ 35. Qxc1 Qxf5 36. g4 Qd5 37. Qh6+ Qc6 38. Qxc6+ Kxc6 39. h4 d3 40. Kf2 d2 41. Ke2 d1=Q+ 42. Kxd1 Kd6 43. Ke2 Ke5 44. Ke3 Kf6 45. Kf4 Bc8 46. g5+ Kg6 47. Ke5 Kh5 48. Kf6 Kxh4 49. f4 Kg4 50. Kxf7 Kxf4 51. g6 Ke5 52. g7 Be6+ 53. Ke7 Kd5 54. Ke8 Kc6 55. Ke7 Bb3 56. Kd8 Kb6 57. Kc8 a5 58. Kd7 Bg8 59. Kd6 Bb3 60. Ke5 Kc6 61. Kd4 a4 62. Kc3 Kd7 63. Kd4 Kd6 64. Kc3 Ke7 65. Kd4 Kf7 66. Kc5 Bc4 67. Kd4 Kxg7 68. Ke3 Kf6 69. Ke4 Ke6 70. Kd4 Kd6 71. Ke4 Bd5+ 72. Kd4 Kc6 73. Kc3 Bg8 74. Kd4 Kd6 75. Ke4 Ke6 76. Kd4 Bh7 77. Kc5 Bd3 78. Kd4 Bf1 79. Ke4 Kf6 80. Kd4 Kf5 81. Kd5 Bd3 82. Kd4 Bf1 83. Kd5 Kf4 84. Kd4 Kf3 85. Kc3 Ke3 86. Kc2 Kd4 87. Kd2 Bd3 88. Kc1 Kc3 89. Kd1 Kb2 90. Kd2 Bg6 91. Ke3 Kxa3 92. Kd4 Kxb4 93. Ke3 Kc3 0-1

[Event "Montcalm 7 2024-25"]
[Site "Quebec CAN"]
[Date "2025.05.29"]
[Round "5"]
[White "Girard-Tremblay, Eliot"]
[Black "Sarra-Bournet, Marc"]
[Result "0-1"]
[WhiteElo "1544"]
[BlackElo "1752"]
[WhiteFideId "-1"]
[WhiteFideId "-1"]
[PlyCount "108"]
[GameId "2183595119831526"]
[EventDate "2025.05.01"]
[EventType "swiss"]
[EventRounds "5"]
[EventCountry "CAN"]

1. c4 e5 2. Nc3 Nf6 3. g3 Bc5 4. Bg2 O-O 5. e3 Re8 6. Nf3 d6 7. O-O c6 8. d4 exd4 9. exd4 Bb6 10. b4 Bg4 11. h3 Bh5 12. a4 d5 13. c5 Bc7 14. g4 Bg6 15. Bg5 h6 16. Bh4 Nbd7 17. Qd2 Qb8 18. Kh1 Bf4 19. Qd1 Ne4 20. Ne2 Bc7 21. Ra3 Ndf6 22. Bxf6 Nxf6 23. Nd2 Ne4 24. f4 Nxd2 25. Qxd2 Be4 26. Re3 Re7 27. Bxe4 dxe4 28. d5 cxd5 29. Qxd5 Qe8 30. Ng3 Rd8 31. Qc4 Rd3 32. Rxd3 exd3 33. Nf5 Rd7 34. Qc3 Qe4+ 35. Kg1 f6 36. Qd2 Qc4 37. Qe3 Kh7 38. Qe8 Qf7 39. Qe4 g6 40. Nh4 d2 41. Rd1 Re7 42. Qc2 Re1+ 43. Kf2 Rxd1 44. Qxd1 Bxf4 45. Ng2 Qc4 46. Nxf4 Qxf4+ 47. Kg2 Qe3 48. Kf1 Qxh3+ 49. Kf2 Qd3 50. Kg2 Qe4+ 51. Kf2 Qxb4 52. Qe2 Qxc5+ 53. Kg2 Qd5+ 54. Kf2 Qd7 0-1

[Event "Montcalm 7 2024-25"]
[Site "Quebec CAN"]
[Date "2025.05.29"]
[Round "5"]
[White "Hasbun, Merick"]
[Black "Fecteau, Martin"]
[Result "0-1"]
[WhiteElo "1606"]
[BlackElo "1756"]
[WhiteFideId "-1"]
[WhiteFideId "-1"]
[PlyCount "80"]
[GameId "2183595119831525"]
[EventDate "2025.05.01"]
[EventType "swiss"]
[EventRounds "5"]
[EventCountry "CAN"]

1. e4 c5 2. c3 d5 3. exd5 Qxd5 4. d4 Nf6 5. Nf3 Bg4 6. Be2 e6 7. Na3 cxd4 8. Nb5 Na6 9. Qa4 Kd8 10. Nbxd4 Nc5 11. Qc2 Qe4 12. Qd1 Kc8 13. O-O Be7 14. b4 Ncd7 15. c4 Rd8 16. Be3 Ne5 17. Qb3 Nxf3+ 18. Nxf3 Rd7 19. Rad1 Kd8 20. Bd3 Rxd3 21. Qxd3+ Qxd3 22. Rxd3+ Ke8 23. Ne5 Be2 24. c5 Bxd3 25. Nxd3 Nd5 26. Rc1 Nxe3 27. fxe3 Bg5 28. Re1 Rd8 29. Ne5 Bf6 30. Nc4 Be7 31. e4 Rd4 32. Na5 Rxb4 33. c6 bxc6 34. Nxc6 Bc5+ 35. Kf1 Rb2 36. Rd1 Bb6 37. Rd8+ Bxd8 38. Nxd8 Kxd8 39. Kg1 Rxa2 40. Kh1 Ra1# 0-1

[Event "Montcalm 7 2024-25"]
[Site "Quebec CAN"]
[Date "2025.05.29"]
[Round "5"]
[White "Mercure, Gilbert"]
[Black "Auger, Bertrand"]
[Result "1/2-1/2"]
[WhiteElo "1793"]
[BlackElo "1842"]
[WhiteFideId "-1"]
[WhiteFideId "-1"]
[PlyCount "148"]
[GameId "2183595119831522"]
[EventDate "2025.05.01"]
[EventType "swiss"]
[EventRounds "5"]
[EventCountry "CAN"]

1. e4 e6 2. d4 d5 3. e5 b6 4. Nf3 Ne7 5. Bg5 Qd7 6. Be2 Ba6 7. O-O c5 8. c3 Bxe2 9. Qxe2 Nec6 10. Nbd2 h6 11. Be3 c4 12. b3 b5 13. a4 b4 14. bxc4 bxc3 15. cxd5 Qxd5 16. Nc4 Nd7 17. Qa2 Bb4 18. Nd6+ Kf8 19. Qxd5 exd5 20. Rfc1 Na5 21. Rab1 Rb8 22. Nb5 Nc6 23. Nxc3 Bxc3 24. Rxb8+ Ndxb8 25. Rxc3 Ke7 26. Bc1 Rc8 27. Ba3+ Ke6 28. Ne1 Re8 29. Bc5 Nd7 30. Nd3 g5 31. g4 f6 32. f4 fxe5 33. fxe5 Rb8 34. Kg2 Rb1 35. h4 Ra1 36. hxg5 hxg5 37. Nb4 Nxc5 38. Nxc6 Nxa4 39. Rf3 Nb2 40. Rf6+ Kd7 41. Nxa7 Nc4 42. Rg6 Ra2+ 43. Kf1 Nd2+ 44. Ke2 Ne4+ 45. Kd3 Ra3+ 46. Kc2 Rc3+ 47. Kb2 Rg3 48. Nb5 Rxg4 49. Nd6 Nxd6 50. Rxd6+ Ke7 51. Rxd5 Re4 52. Kc3 g4 53. Kd3 Re1 54. Rd6 Kf7 55. Rf6+ Ke7 56. Rg6 Rd1+ 57. Ke4 Rg1 58. Kd5 g3 59. Rg4 g2 60. Rg5 Kf7 61. e6+ Kf6 62. Rg3 Ke7 63. Rg8 Ra1 64. Rxg2 Ra5+ 65. Ke4 Kxe6 66. Rg6+ Ke7 67. Rb6 Kd7 68. Rh6 Ke7 69. d5 Ra1 70. Re6+ Kd7 71. Ke5 Re1+ 72. Kf6 Rd1 73. Ke5 Re1+ 74. Kf5 Rd1 1/2-1/2

[Event "Montcalm 7 2024-25"]
[Site "Quebec CAN"]
[Date "2025.05.29"]
[Round "5"]
[White "Mungroo, Dharmein"]
[Black "Bergeron, Nicolas"]
[Result "0-1"]
[WhiteElo "1457"]
[BlackElo "1647"]
[WhiteFideId "-1"]
[WhiteFideId "-1"]
[PlyCount "130"]
[GameId "2183595119831528"]
[EventDate "2025.05.01"]
[EventType "swiss"]
[EventRounds "5"]
[EventCountry "CAN"]

1. b4 c6 2. a3 a5 3. Bb2 d5 4. Nf3 Nf6 5. e3 axb4 6. axb4 Rxa1 7. Bxa1 e6 8. b5 Bd6 9. d4 O-O 10. Nbd2 Qa5 11. bxc6 bxc6 12. Bd3 Ba6 13. O-O Bxd3 14. cxd3 Na6 15. e4 Nd7 16. e5 Be7 17. Nb3 Qb5 18. Nc1 Ra8 19. Ne2 Nb4 20. Nf4 Ra2 21. Bc3 Nb6 22. Qb3 Qa4 23. Qb1 Qc2 24. Bxb4 Qxb1 25. Rxb1 Bxb4 26. h4 Ba5 27. Kf1 Kf8 28. Ne2 Nd7 29. Nc1 Rc2 30. Nb3 Bc3 31. Ne1 Rb2 32. Rxb2 Bxb2 33. Nc2 Ke7 34. Ke2 Bc3 35. f4 f6 36. Kf3 fxe5 37. fxe5 Nb6 38. Nc5 Nc8 39. g4 Na7 40. g5 Nb5 41. Nb3 Kf7 42. Kg4 g6 43. Kf4 Ke7 44. Ke3 Bb2 45. Nb4 c5 46. Nc2 c4 47. Nc5 Bc1+ 48. Kf3 Bd2 49. dxc4 dxc4 50. Ne4 Bc1 51. Nf6 h6 52. Ne4 hxg5 53. hxg5 Nc7 54. Nc3 Bxg5 55. Ne3 Bxe3 56. Kxe3 Nd5+ 57. Kd2 g5 58. Ne4 g4 59. Ke2 c3 60. Nxc3 Nxc3+ 61. Kf2 Ne4+ 62. Ke3 g3 63. Kf3 Kd7 64. Kg2 Kc6 65. Kf3 Kd5 0-1

[Event "Montcalm 7 2024-25"]
[Site "Quebec CAN"]
[Date "2025.05.29"]
[Round "5"]
[White "Pepin, Pierre-Luc"]
[Black "Simard, Rejean"]
[Result "1/2-1/2"]
[WhiteElo "1157"]
[BlackElo "998"]
[WhiteFideId "-1"]
[WhiteFideId "-1"]
[PlyCount "58"]
[GameId "2183595119831530"]
[EventDate "2025.05.01"]
[EventType "swiss"]
[EventRounds "5"]
[EventCountry "CAN"]

1. d4 d6 2. e4 Nd7 3. Nf3 e6 4. c4 Be7 5. Be2 c5 6. dxc5 Nxc5 7. e5 dxe5 8. Qxd8+ Bxd8 9. Nxe5 Nf6 10. O-O O-O 11. Nc3 a6 12. b3 Ncd7 13. Nxd7 Nxd7 14. Ba3 Re8 15. Ne4 Bc7 16. Nc5 Nxc5 17. Bxc5 Bd7 18. Bf3 Bc6 19. Bxc6 bxc6 20. Rad1 Rad8 21. Rxd8 Rxd8 22. Be3 h6 23. f4 Rd3 24. Rf3 Rc3 25. Kf1 Rc2 26. Rf2 Rc3 27. Rf3 Rc2 28. Rf2 Rc3 29. Rf3 Rc2 1/2-1/2